000 00744nam a2200205 i 4500
001 186053
003 ES-MaACL
005 20250807081625.0
008 160906s1969 sp |||| | spa d
110 2 _aInstituto de Sociología y Pastoral Aplicadas (Barcelona)
_95011
245 1 0 _aPerspectivas doctrinales sobre el matrimonio /
_ctraducción, revisión, sistematización y publicación... de ISPA.
260 _aBarcelona :
_bEstela,
_c1969.
300 _a179 p. ;
_c23 cm.
490 1 _aColección DO. C. ;
_v11
650 7 _aMatrimonio (Derecho canónico)
_2embne
_914862
650 7 _aÉtica sexual
_2embne
_912591
830 0 _aColección DO. C. ;
_v11
_9192471
852 _aES-MaACL
_jE-4742
999 _c186053
_d186053